Statistics for DarkGuy Challenge Quiz

Click here to take the quiz!

General Stats

  • This quiz has been taken 11 times
  • The average score is 5 of 10

Answer Stats

QuestionAnswer% Correct
What does DGCE stand for?Dark Guy Challenge Extended
78%
Name the 2nd victor of DC35TemOofGod
78%
What level did the some of the challenges turn into?The Infinity Guy
56%
What is the name of the first DarkGuy Challenge?DarkGuy Challenge
44%
Which DarkGuy Challenge is misspelled?DarkGuy Challnge 4
44%
What is the easiest DarkGuy Challenge?DC15
44%
What is the hardest DarkGuy Challenge?DC35
44%
How long is the main series combined?9 Minutes
33%
What is the name of the building style used in DGCE36 and DGCE38?DC20 Modern
33%
What inspired DC20?Nine Circles
33%

Score Distribution

Percentile by Number Answered

Percent of People with Each Score

Your Score History

You have not taken this quiz